00697nam a2200253Ia 4500008004100000020002100041100002100062245002600083245004300109260001500152260002000167260000900187300001600196300002700212300001500239650001300254650001300267650001000280650001300290650002200303700000800325999001900333952009100352160803s9999 xx 000 0 und d a 978-0590442961 aBridwell, Norman aClifford gets a job / cstory and pictures by Norman Bridwell. aNew York : bScholastic Inc. c1965 a30 pages :  bcolor illustrations ;  c21 x 21 cm aDogs --  aDogs --  aDogs. xFiction. xJuvenile fiction. a280 c298191d298191 001040aSSISBbSSISBcLEXd2016-08-03l0pSC-117r2016-08-03 00:00:00w2016-08-03yBK